Statystyki dla Wszystkie miasta Polski na literę C

Kliknij tutaj aby rozwiązać quiz!

Ogólne statystyki

  • Ten quiz został rozwiązany 596 razy
    (126 od ostatniego zresetowania)
  • Średni wynik to 33 z 49

Statystyki odpowiedzi

WojewództwoPopulacjaMiasto% Poprawnych
śląskie217530Częstochowa
98%
mazowieckie43883Ciechanów
93%
śląskie106846Chorzów
89%
pomorskie39647Chojnice
88%
śląskie33981Cieszyn
88%
lubelskie61135Chełm
87%
kujawsko-pomorskie19205Chełmno
85%
małopolskie36118Chrzanów
82%
kujawsko-pomorskie10534Ciechocinek
82%
pomorskie13479Człuchów
82%
wielkopolskie18229Chodzież
79%
wielkopolskie10464Czarnków
79%
śląskie31039Czeladź
78%
kujawsko-pomorskie14362Chełmża
77%
zachodniopomorskie1497Cedynia
76%
zachodniopomorskie14998Choszczno
76%
śląskie35839Czechowice-Dziedzice
76%
pomorskie9900Czersk
73%
dolnośląskie13236Chojnów
70%
podlaskie9198Czarna Białostocka
67%
świętokrzyskie4394Chęciny
66%
małopolskie8912Chełmek
66%
podlaskie5926Choroszcz
66%
pomorskie5830Czarne
66%
śląskie27888Czerwionka-Leszczyny
66%
podlaskie4587Ciechanowiec
65%
zachodniopomorskie7367Chojna
63%
zachodniopomorskie7094Czaplinek
63%
pomorskie2763Czarna Woda
62%
wielkopolskie4932Czempiń
62%
lubuskie3947Czerwieńsk
62%
mazowieckie1010Czerwińsk nad Wisłą
60%
podlaskie2646Czyżew
60%
wielkopolskie1769Chocz
59%
podkarpackie1922Cieszanów
59%
małopolskie2323Czchów
59%
zachodniopomorskie2308Człopa
59%
zachodniopomorskie3123Chociwel
57%
małopolskie2447Ciężkowice
57%
dolnośląskie7773Chocianów
56%
kujawsko-pomorskie2279Chodecz
56%
mazowieckie3100Chorzele
56%
wielkopolskie2671Czerniejewo
55%
małopolskie3772Czarny Dunajec
51%
świętokrzyskie3596Chmielnik
50%
mazowieckie2226Cegłów
49%
lubuskie2768Cybinka
49%
mazowieckie738Ciepielów
38%
lubelskie1307Czemierniki
30%

Rozkład punktacji

Percentyl według liczby udzielonych odpowiedzi

Procent ludzi z każdym wynikiem

Twoja historia wyników

Nie rozwiązałeś tego quizu od ostatniego zresetowania